La inadaptación escolar. problemas de conducta del niño en la escuela /

Guardado en:
Autor Principal: Reca, Telma
Formato: Libro
Publicado: Buenos Aires : El Ateneo, 1962
Materias:
Etiquetas: Agregar Etiqueta
Sin Etiquetas, Sea el primero en etiquetar este registro!
LEADER 00646nam a22002055a 4500
001 CEM.cems006829
005 20060214000000.0
008 130507s1962##################000#0#####d
003 CEMS
082 0 4 |a 370.15 
100 1 |a Reca, Telma 
245 1 0 |a La inadaptación escolar. problemas de conducta del niño en la escuela / 
260 |a Buenos Aires :  |b El Ateneo,  |c 1962 
300 |a 214 p. 
653 |a Educacion 
653 |a Inadaptacion escolar 
653 |a Niño-conducta 
653 |a Psicología educativa 
859 |a CEMS  |b BIB. CEMS - 11 de abril  |h 370.15  |i R243  |p 3303.74  |t Ej.2 
859 |a CEMS  |b BIB. CEMS - 11 de abril  |h 370.15  |i R243  |p 462.73  |t Ej.1